[Event "Oberliga Bayern 2122"]
[Site "Bayern"]
[Date "2021.10.24"]
[Round "1.5"]
[White "Kaunzinger, Albert"]
[Black "Moser, Wolfgang"]
[Result "1-0"]
[WhiteElo "2154"]
[BlackElo "1972"]
[PlyCount "51"]
[EventDate "2021.10.24"]
[EventType "team-tourn"]
[EventRounds "9"]
[EventCountry "GER"]
[SourceTitle "EXT 2023"]
[Source "ChessBase"]
[SourceDate "2022.10.05"]
[SourceVersion "1"]
[SourceVersionDate "2022.10.05"]
[SourceQuality "1"]
[WhiteTeam "Groebenzell"]
[BlackTeam "Trostberg"]
[WhiteTeamCountry "GER"]
[BlackTeamCountry "GER"]

1. Nc3 d5 2. e4 d4 3. Nce2 c5 4. Ng3 e5 5. Bc4 Nf6 6. Nf3 Bd6 7. d3 0-0 8. 0-0 Be6 9. Bb3 Nc6 10. Ng5 Bxb3 11. axb3 Ne7 12. f4 exf4 13. Bxf4 Ng6 14. Bxd6 Qxd6 15. Nf5 Qc7 16. Qf3 Ne5 17. Qg3 Nh5 18. Qh4 f6 19. Ne6 Qf7 20. Nxf8 Kxf8 21. g4 Nf4 22. Rxf4 g5 23. Qh6+ Kg8 24. Nd6 Qd7 25. Rxf6 Qxg4+ 26. Kh1 1-0

[Event "Landesliga Sued 1920"]
[Site "Bayern"]
[Date "2020.02.09"]
[Round "6.3"]
[White "Zill, Christoph"]
[Black "Kaunzinger, Albert"]
[Result "1-0"]
[WhiteElo "2180"]
[BlackElo "2203"]
[PlyCount "81"]
[EventDate "2019.09.29"]
[EventType "team-tourn"]
[EventRounds "9"]
[EventCountry "GER"]
[SourceTitle "EXT 2021"]
[Source "ChessBase"]
[SourceDate "2020.10.23"]
[SourceVersion "1"]
[SourceVersionDate "2020.10.23"]
[SourceQuality "1"]
[WhiteTeam "Freising"]
[BlackTeam "Groebenzell"]
[WhiteTeamCountry "GER"]
[BlackTeamCountry "GER"]

1. e4 d5 2. exd5 Qxd5 3. Nc3 Qe6+ 4. Be2 c5 5. Nf3 Nf6 6. d4 g6 7. 0-0 Bg7 8. d5 Qb6 9. Be3 Bd7 10. Rb1 Ng4 11. Bg5 h6 12. Bh4 Nf6 13. Ne5 0-0 14. f4 a6 15. a4 Qb4 16. Nd3 Qa5 17. Bf2 c4 18. Ne5 b5 19. axb5 axb5 20. b4 Qc7 21. Ra1 Na6 22. Bf3 Qd6 23. Nxd7 Nxd7 24. Nxb5 Qxf4 25. d6 Bxa1 26. dxe7 Rfe8 27. Qxd7 Be5 28. Bg3 Qe3+ 29. Kh1 Bxg3 30. Bxa8 Rxe7 31. Qc8+ Kh7 32. hxg3 Qe2 33. Rf3 Qe5 34. Qxc4 f5 35. Nd4 Nc7 36. Bc6 Qe1+ 37. Kh2 h5 38. Rf1 Qe3 39. Qd3 Qe5 40. Nxf5 Rf7 41. Nh4 1-0

[Event "Landesliga Sued 1920"]
[Site "Bayern"]
[Date "2019.12.08"]
[Round "4.3"]
[White "Kaunzinger, Albert"]
[Black "Motl, Martin"]
[Result "1/2-1/2"]
[WhiteElo "2203"]
[BlackElo "2156"]
[PlyCount "38"]
[EventDate "2019.09.29"]
[EventType "team-tourn"]
[EventRounds "9"]
[EventCountry "GER"]
[SourceTitle "EXT 2021"]
[Source "ChessBase"]
[SourceDate "2020.10.23"]
[SourceVersion "1"]
[SourceVersionDate "2020.10.23"]
[SourceQuality "1"]
[WhiteTeam "Groebenzell"]
[BlackTeam "MSA Zugzwang II"]
[WhiteTeamCountry "GER"]
[BlackTeamCountry "GER"]

1. b3 d5 2. Bb2 Bg4 3. g3 c5 4. Bg2 Nc6 5. Nf3 d4 6. d3 e5 7. Nbd2 f6 8. h3 Be6 9. e4 Nge7 10. Nh4 g5 11. Nhf3 Qd7 12. a3 h5 13. Nc4 b5 14. Ncd2 Nc8 15. a4 bxa4 16. Rxa4 Nb6 17. Ra1 Bd6 18. Nb1 a5 19. Na3 a4 1/2-1/2

[Event "Landesliga Sued 1920"]
[Site "Bayern"]
[Date "2019.11.24"]
[Round "3.3"]
[White "Sargin, Anatol"]
[Black "Kaunzinger, Albert"]
[Result "0-1"]
[WhiteElo "2101"]
[BlackElo "2203"]
[PlyCount "76"]
[EventDate "2019.09.29"]
[EventType "team-tourn"]
[EventRounds "9"]
[EventCountry "GER"]
[SourceTitle "EXT 2021"]
[Source "ChessBase"]
[SourceDate "2020.10.23"]
[SourceVersion "1"]
[SourceVersionDate "2020.10.23"]
[SourceQuality "1"]
[WhiteTeam "Unterhaching"]
[BlackTeam "Groebenzell"]
[WhiteTeamCountry "GER"]
[BlackTeamCountry "GER"]

1. f4 d5 2. Nf3 Bf5 3. e3 e6 4. b3 Be7 5. Bb2 Bf6 6. Bxf6 Nxf6 7. Be2 h6 8. 0-0 Nbd7 9. c4 c6 10. Nc3 0-0 11. Rc1 a5 12. d3 Qb6 13. Qd2 Nc5 14. cxd5 exd5 15. Ne5 Rfe8 16. g4 Bh7 17. h4 d4 18. Nd1 dxe3 19. Nxe3 Ne6 20. Kh2 Qc7 21. N3c4 Nd5 22. f5 Nd4 23. Bf3 Rxe5 24. Nxe5 Qxe5+ 25. Kh1 h5 26. Rce1 Qg3 27. Bxd5 Qxh4+ 28. Kg1 cxd5 29. Qxa5 Qxg4+ 30. Kh1 Qh3+ 31. Kg1 Rf8 32. Qxd5 Nxf5 33. Rf3 Qg4+ 34. Kf2 Qh4+ 35. Kf1 Qh1+ 36. Kf2 Qh2+ 37. Kf1 Ng3+ 38. Rxg3 Qxg3 0-1

[Event "Landesliga Sued 1819"]
[Site "Bayern"]
[Date "2019.02.24"]
[Round "7.7"]
[White "Joerg, Harald"]
[Black "Kaunzinger, Albert"]
[Result "0-1"]
[WhiteElo "2040"]
[BlackElo "2201"]
[PlyCount "70"]
[EventDate "2018.10.21"]
[EventType "team-tourn"]
[EventRounds "9"]
[EventCountry "GER"]
[SourceTitle "EXT 2022"]
[Source "ChessBase"]
[SourceDate "2021.10.06"]
[SourceVersion "1"]
[SourceVersionDate "2021.10.06"]
[SourceQuality "1"]
[WhiteTeam "Muenchen SC II"]
[BlackTeam "Groebenzell"]
[WhiteTeamCountry "GER"]
[BlackTeamCountry "GER"]

1. e4 d5 2. exd5 Qxd5 3. Nc3 Qa5 4. Bc4 Nf6 5. d3 c6 6. Bd2 Qc7 7. Qe2 e6 8. Nf3 Nbd7 9. a3 Bd6 10. Ne4 Nxe4 11. dxe4 Ne5 12. Ba2 0-0 13. 0-0-0 b5 14. Nd4 Nd7 15. Qg4 Nf6 16. Qh4 a6 17. Bg5 Be7 18. Rd3 Rd8 19. e5 Qxe5 20. Nxc6 Qc7 21. Nxd8 Bxd8 22. Rhd1 Bb7 23. Rh3 Be4 24. Rc3 Qb7 25. Re3 Bg6 26. Bxf6 Bxf6 27. Qg3 h6 28. Re2 Kh7 29. Kb1 Rc8 30. Red2 a5 31. f4 a4 32. Qf3 Be4 33. Qe3 b4 34. Ka1 Rc3 35. Qe2 bxa3 0-1

[Event "Erfurt op 28th"]
[Site "Erfurt"]
[Date "2018.12.29"]
[Round "7"]
[White "Wichmann, Cliff"]
[Black "Kaunzinger, Albert"]
[Result "1-0"]
[WhiteElo "2266"]
[BlackElo "2206"]
[PlyCount "54"]
[EventDate "2018.12.26"]
[EventType "swiss"]
[EventRounds "8"]
[EventCountry "GER"]
[SourceTitle "CBM 188 Extra"]
[Source "ChessBase"]
[SourceDate "2019.02.26"]
[SourceVersion "1"]
[SourceVersionDate "2019.02.26"]
[SourceQuality "1"]

1. d4 d5 2. c4 Nc6 3. Nc3 dxc4 4. Nf3 a6 5. d5 Nb8 6. e4 b5 7. a4 b4 8. Na2 e5 9. Nxe5 Nf6 10. Bxc4 Bd6 11. Nd3 Nxe4 12. 0-0 0-0 13. Naxb4 Qh4 14. f4 Bf5 15. Nc2 Nd7 16. Nd4 Qf6 17. Ne5 Nb6 18. Ba2 g6 19. Be3 h5 20. Bb1 Qh4 21. Nxf5 gxf5 22. a5 Bxe5 23. fxe5 Nc4 24. Qd4 Nxe3 25. Qxe3 Qg4 26. Bxe4 Qxe4 27. Qg5+ Kh7 1-0

[Event "Erfurt op 28th"]
[Site "Erfurt"]
[Date "2018.12.28"]
[Round "5"]
[White "Gressmann, Moritz"]
[Black "Kaunzinger, Albert"]
[Result "1/2-1/2"]
[WhiteElo "2124"]
[BlackElo "2206"]
[PlyCount "65"]
[EventDate "2018.12.26"]
[EventType "swiss"]
[EventRounds "8"]
[EventCountry "GER"]
[SourceTitle "CBM 188 Extra"]
[Source "ChessBase"]
[SourceDate "2019.02.26"]
[SourceVersion "1"]
[SourceVersionDate "2019.02.26"]
[SourceQuality "1"]

1. e4 Nc6 2. d4 d5 3. e5 Bf5 4. Nf3 e6 5. Bd3 Nge7 6. c3 h6 7. b3 Bxd3 8. Qxd3 Nf5 9. Nbd2 Be7 10. g4 Nh4 11. Nxh4 Bxh4 12. Nf3 a6 13. Nxh4 Qxh4 14. Qg3 Qe7 15. a4 f6 16. Ba3 Qf7 17. exf6 gxf6 18. 0-0-0 0-0-0 19. f4 Rhg8 20. Rhe1 Rde8 21. h3 h5 22. g5 fxg5 23. fxg5 h4 24. Qxh4 Qf3 25. Kc2 Qf5+ 26. Kb2 Rxg5 27. Rd2 Reg8 28. Qh6 Nd8 29. Be7 R5g6 30. Qe3 Nc6 31. Ba3 Kb8 32. Rf2 Rg2 33. Ree2 1/2-1/2

[Event "Landesliga Sued 1819"]
[Site "Bayern"]
[Date "2018.11.11"]
[Round "2.8"]
[White "Kaunzinger, Albert"]
[Black "Stoer, Andreas"]
[Result "1-0"]
[WhiteElo "2201"]
[BlackElo "2111"]
[PlyCount "61"]
[EventDate "2018.10.21"]
[EventType "team-tourn"]
[EventRounds "9"]
[EventCountry "GER"]
[SourceTitle "EXT 2022"]
[Source "ChessBase"]
[SourceDate "2021.10.06"]
[SourceVersion "1"]
[SourceVersionDate "2021.10.06"]
[SourceQuality "1"]
[WhiteTeam "Groebenzell"]
[BlackTeam "Kriegshaber SK"]
[WhiteTeamCountry "GER"]
[BlackTeamCountry "GER"]

1. b3 Nf6 2. Bb2 g6 3. c4 Bg7 4. g3 d5 5. cxd5 Qxd5 6. Nf3 0-0 7. Bg2 c5 8. 0-0 Qh5 9. Re1 Nc6 10. d3 Bh3 11. Bh1 Rac8 12. Nbd2 Rfd8 13. Rc1 Bh6 14. Bxf6 exf6 15. Ne4 Bg7 16. Rxc5 Rd5 17. Rxd5 Qxd5 18. Nfg5 Qf5 19. Nxf7 Qa5 20. Nfd6 Rc7 21. Ne8 Rc8 22. Nxg7 Kxg7 23. Nd6 Rb8 24. Nxb7 Rxb7 25. Bxc6 Rc7 26. Bg2 Bxg2 27. Kxg2 Qxa2 28. d4 Rc2 29. Qd3 Rd2 30. Qc4 f5 31. Qc7+ 1-0

[Event "Landesliga Sued 1819"]
[Site "Bayern"]
[Date "2018.10.21"]
[Round "1.7"]
[White "Kaunzinger, Albert"]
[Black "Wolf, Armin"]
[Result "1-0"]
[WhiteElo "2201"]
[BlackElo "2103"]
[PlyCount "91"]
[EventDate "2018.10.21"]
[EventType "team-tourn"]
[EventRounds "9"]
[EventCountry "GER"]
[SourceTitle "EXT 2022"]
[Source "ChessBase"]
[SourceDate "2021.10.06"]
[SourceVersion "1"]
[SourceVersionDate "2021.10.06"]
[SourceQuality "1"]
[WhiteTeam "Groebenzell"]
[BlackTeam "Haunstetten TSV"]
[WhiteTeamCountry "GER"]
[BlackTeamCountry "GER"]

1. d4 g6 2. Bf4 Bg7 3. Nc3 d6 4. e4 Nd7 5. Nf3 e5 6. dxe5 dxe5 7. Bg5 f6 8. Be3 Nh6 9. Bc4 c6 10. h3 Qe7 11. Qd2 Nf7 12. h4 h5 13. a4 Nb6 14. Bxf7+ Kxf7 15. 0-0 Nc4 16. Qe2 Nxe3 17. fxe3 Kg8 18. a5 Be6 19. a6 b6 20. b3 Kh7 21. Nd1 Rad8 22. Nf2 Bh6 23. Nd3 Rd7 24. Nh2 Rf8 25. Rae1 Bg7 26. g4 hxg4 27. Nxg4 Rh8 28. Qf3 Bxg4 29. Qxg4 Rdd8 30. Rf3 Qe8 31. Ref1 Kg8 32. Rg3 Rh6 33. Rgf3 Qd7 34. Qg3 Kh7 35. Nf2 f5 36. exf5 gxf5 37. Nh3 Bf6 38. Rxf5 Qe7 39. Ng5+ Kh8 40. Qf3 Bxg5 41. Rxg5 Rxh4 42. Rh5+ Rxh5 43. Qxh5+ Kg7 44. Rf2 Rg8 45. Rg2+ Kf8 46. Qh6+ 1-0

[Event "Regionalliga Sued-Ost 1718"]
[Site "Bayern"]
[Date "2018.02.04"]
[Round "6.1"]
[White "Kaunzinger, Albert"]
[Black "Zill, Christoph"]
[Result "1/2-1/2"]
[WhiteElo "2179"]
[BlackElo "2147"]
[PlyCount "55"]
[EventDate "2017.10.22"]
[EventType "team-tourn"]
[EventRounds "9"]
[EventCountry "GER"]
[SourceTitle "EXT 2022"]
[Source "ChessBase"]
[SourceDate "2021.10.06"]
[SourceVersion "1"]
[SourceVersionDate "2021.10.06"]
[SourceQuality "1"]
[WhiteTeam "Groebenzell II"]
[BlackTeam "Freising SK"]
[WhiteTeamCountry "GER"]
[BlackTeamCountry "GER"]

1. Nc3 e6 2. b3 c5 3. Bb2 d5 4. g3 Nf6 5. Bg2 Be7 6. e3 0-0 7. Nge2 e5 8. 0-0 Nc6 9. e4 Be6 10. d3 Nd4 11. h3 Qd7 12. Kh2 Rad8 13. f4 exf4 14. Nxf4 dxe4 15. Nxe4 Nxe4 16. Bxe4 Bf5 17. Bg2 b6 18. Nd5 Bd6 19. c3 Nb5 20. Qf3 Be6 21. c4 Bxd5 22. cxd5 Nd4 23. Bxd4 cxd4 24. Rac1 Rfe8 25. Rfe1 Ba3 26. Rcd1 Bb4 27. Rxe8+ Rxe8 28. Qf4 1/2-1/2

[Event "Erfurt MT op 27th"]
[Site "Erfurt"]
[Date "2017.12.30"]
[Round "8"]
[White "Kaunzinger, Albert"]
[Black "Naundorf, Maik"]
[Result "0-1"]
[WhiteElo "2235"]
[BlackElo "2156"]
[PlyCount "108"]
[EventDate "2017.12.26"]
[EventType "swiss"]
[EventRounds "8"]
[EventCountry "GER"]
[SourceTitle "CBM 182 Extra"]
[Source "ChessBase"]
[SourceDate "2018.02.23"]
[SourceVersion "1"]
[SourceVersionDate "2018.02.23"]
[SourceQuality "1"]

1. d4 Nf6 2. Bf4 c5 3. d5 b5 4. g3 d6 5. Bg2 g6 6. e4 Bg7 7. a4 b4 8. Qc1 Ba6 9. Bh6 0-0 10. Bxg7 Kxg7 11. c4 bxc3 12. Nxc3 Nbd7 13. f4 Rb8 14. Nge2 Qb6 15. Nd1 Bxe2 16. Kxe2 Qa6+ 17. Kf2 Qd3 18. Qc3 Rb3 19. Qxd3 Rxd3 20. Ke2 Rb3 21. Kd2 Rfb8 22. Kc2 R3b4 23. Re1 Nb6 24. a5 Nc4 25. Ra2 R8b5 26. e5 Ng4 27. h3 Nh6 28. exd6 exd6 29. g4 Rxa5 30. Rxa5 Nxa5 31. Re7 Rxf4 32. Rxa7 Nc4 33. b3 Ne5 34. Ra6 f5 35. Rxd6 fxg4 36. Re6 Nhf7 37. hxg4 Rxg4 38. Bf1 Nf3 39. Ra6 Nd4+ 40. Kc3 Rg3+ 41. Bd3 Ne5 42. Nb2 Nxb3 43. Kxb3 c4+ 44. Kc3 Nxd3 45. Nxd3 cxd3 46. Ra7+ Kf6 47. Rxh7 Ke5 48. Rd7 g5 49. Rd8 g4 50. Rd7 Rf3 51. Rd8 g3 52. Rd7 Kf6 53. Rd6+ Kg7 54. Rd7+ Rf7 0-1

[Event "Erfurt MT op 27th"]
[Site "Erfurt"]
[Date "2017.12.29"]
[Round "6"]
[White "Kaunzinger, Albert"]
[Black "Sauer, Marko"]
[Result "1/2-1/2"]
[WhiteElo "2235"]
[BlackElo "2106"]
[PlyCount "115"]
[EventDate "2017.12.26"]
[EventType "swiss"]
[EventRounds "8"]
[EventCountry "GER"]
[SourceTitle "CBM 182 Extra"]
[Source "ChessBase"]
[SourceDate "2018.02.23"]
[SourceVersion "1"]
[SourceVersionDate "2018.02.23"]
[SourceQuality "1"]

1. d4 d5 2. Bf4 c6 3. e3 Qb6 4. Qc1 Bf5 5. c4 Bxb1 6. Rxb1 e5 7. Bxe5 Qa5+ 8. Kd1 Nd7 9. Nf3 Nxe5 10. Nxe5 f6 11. Nf3 Qxa2 12. cxd5 Qb3+ 13. Qc2 Qxc2+ 14. Kxc2 cxd5 15. Bb5+ Kf7 16. Kd3 Bd6 17. Rhc1 Ne7 18. Ba4 Rhc8 19. Bb3 Ke8 20. e4 dxe4+ 21. Kxe4 Rxc1 22. Rxc1 Rc8 23. Ra1 a6 24. h4 Bb4 25. g4 a5 26. Ba4+ Kd8 27. h5 b5 28. Bxb5 Rc2 29. b3 Rxf2 30. Bc4 Kd7 31. Rc1 Rg2 32. Rg1 Rxg1 33. Nxg1 g6 34. Bf7 f5+ 35. gxf5 gxf5+ 36. Ke5 Nc6+ 37. Kd5 Ne7+ 38. Kc4 f4 39. Nf3 Nf5 40. Bg8 Ng3 41. h6 Nf5 42. Bxh7 Nxh6 43. Kd5 Nf7 44. Ke4 Bd6 45. Bg6 Nd8 46. Ne5+ Ke6 47. Be8 Bxe5 48. dxe5 f3 49. Bb5 f2 50. Bc4+ Ke7 51. Kd5 Kd7 52. Bb5+ Kc7 53. e6 Nxe6 54. Kxe6 Kb6 55. Bf1 Kc5 56. Ke5 Kb4 57. Kf4 Kxb3 58. Kf3 1/2-1/2

[Event "Erfurt MT op 27th"]
[Site "Erfurt"]
[Date "2017.12.28"]
[Round "4"]
[White "Voege, Tobias"]
[Black "Kaunzinger, Albert"]
[Result "1-0"]
[WhiteElo "2156"]
[BlackElo "2235"]
[PlyCount "70"]
[EventDate "2017.12.26"]
[EventType "swiss"]
[EventRounds "8"]
[EventCountry "GER"]
[SourceTitle "CBM 182 Extra"]
[Source "ChessBase"]
[SourceDate "2018.02.23"]
[SourceVersion "1"]
[SourceVersionDate "2018.02.23"]
[SourceQuality "1"]

1. c4 c6 2. d4 Na6 3. Nc3 g6 4. Bg5 Bg7 5. e3 Nf6 6. Nf3 0-0 7. Be2 Nc7 8. 0-0 d6 9. b4 a5 10. a3 h6 11. Bh4 g5 12. Bg3 Nh5 13. Qc2 Nxg3 14. hxg3 axb4 15. axb4 Rxa1 16. Rxa1 f5 17. Rd1 Kh8 18. c5 Be6 19. b5 cxb5 20. Nxb5 Nxb5 21. Bxb5 Qa5 22. Bc4 Bd7 23. Rb1 Rb8 24. Bd3 dxc5 25. Bxf5 e6 26. Bg4 cxd4 27. exd4 h5 28. Bxh5 Qf5 29. Qxf5 exf5 30. Nxg5 b5 31. d5 b4 32. Ne6 Bc3 33. Nc5 Bb5 34. d6 Rd8 35. Rd1 Kg7 1-0

[Event "Regionalliga Sued-Ost 1718"]
[Site "Bayern"]
[Date "2017.11.12"]
[Round "2.3"]
[White "Hofmann, Juergen"]
[Black "Kaunzinger, Albert"]
[Result "1-0"]
[WhiteElo "2116"]
[BlackElo "2179"]
[PlyCount "97"]
[EventDate "2017.10.22"]
[EventType "team-tourn"]
[EventRounds "9"]
[EventCountry "GER"]
[SourceTitle "EXT 2022"]
[Source "ChessBase"]
[SourceDate "2021.10.06"]
[SourceVersion "1"]
[SourceVersionDate "2021.10.06"]
[SourceQuality "1"]
[WhiteTeam "Graefelfing SK"]
[BlackTeam "Groebenzell II"]
[WhiteTeamCountry "GER"]
[BlackTeamCountry "GER"]

1. e4 d5 2. exd5 Qxd5 3. Nc3 Qa5 4. d4 Nf6 5. Nf3 c6 6. Ne5 Be6 7. Nc4 Qc7 8. Qf3 g6 9. Bf4 Qd8 10. Qd3 Bg7 11. Be2 0-0 12. 0-0 Na6 13. Rfd1 Nb4 14. Qd2 Nbd5 15. Be5 Nxc3 16. Qxc3 Nd5 17. Qd2 Bxe5 18. Nxe5 Kg7 19. c4 Nb6 20. Qe3 Bf5 21. b3 Nd7 22. d5 Nxe5 23. Qxe5+ f6 24. Qe3 Qc7 25. Bd3 Bxd3 26. Rxd3 cxd5 27. Rxd5 Rfd8 28. Rad1 Rxd5 29. Rxd5 Rd8 30. Qd4 Rxd5 31. Qxd5 b6 32. g3 h5 33. Kg2 h4 34. b4 hxg3 35. hxg3 Kf8 36. c5 bxc5 37. bxc5 e5 38. Kf3 Ke7 39. Ke4 f5+ 40. Kd3 a5 41. Kc4 Qb8 42. Qd2 Qb1 43. c6 Qf1+ 44. Kc5 Qa6 45. Qd6+ Kf7 46. c7 Qe2 47. Qd5+ Ke7 48. c8Q Qxf2+ 49. Kc6 1-0

[Event "Regionalliga Sued-Ost 1718"]
[Site "Bayern"]
[Date "2017.10.22"]
[Round "1.2"]
[White "Guzsvany, Arpad"]
[Black "Kaunzinger, Albert"]
[Result "0-1"]
[WhiteElo "2136"]
[BlackElo "2179"]
[PlyCount "126"]
[EventDate "2017.10.22"]
[EventType "team-tourn"]
[EventRounds "9"]
[EventCountry "GER"]
[SourceTitle "EXT 2022"]
[Source "ChessBase"]
[SourceDate "2021.10.06"]
[SourceVersion "1"]
[SourceVersionDate "2021.10.06"]
[SourceQuality "1"]
[WhiteTeam "Ebersberg Grafing"]
[BlackTeam "Groebenzell II"]
[WhiteTeamCountry "GER"]
[BlackTeamCountry "GER"]

1. d4 d5 2. Nf3 Nf6 3. c4 dxc4 4. e3 e6 5. Bxc4 a6 6. a4 c5 7. 0-0 Nc6 8. Qe2 cxd4 9. Rd1 Be7 10. exd4 0-0 11. Nc3 Nb4 12. Bg5 Re8 13. Ne5 Nfd5 14. Bxe7 Rxe7 15. Ne4 Bd7 16. Nc5 Be8 17. a5 Rc8 18. Ncd3 Nxd3 19. Qxd3 Rec7 20. b3 Qd6 21. h3 f6 22. Nf3 Nf4 23. Qe3 Bc6 24. Re1 Re8 25. h4 Nd5 26. Qd2 Bb5 27. Rac1 Rec8 28. Bxd5 Qxd5 29. Rxc7 Rxc7 30. Qf4 Rc3 31. b4 Bc6 32. Qb8+ Kf7 33. Qc7+ Qd7 34. Qxd7+ Bxd7 35. Rb1 Bc6 36. Ne1 Be4 37. Rb2 Rc1 38. Re2 Bd5 39. f3 Rb1 40. Kf2 Rxb4 41. Rc2 Rxd4 42. Rc7+ Kg6 43. h5+ Kh6 44. Nc2 Rd2+ 45. Kg3 Kxh5 46. Nb4 Kg6 47. Rd7 Rd4 48. Nxd5 Rxd5 49. Rxb7 Rxa5 50. Rb6 e5 51. Rb7 Ra2 52. Kh3 a5 53. g4 h6 54. Ra7 a4 55. Kg3 a3 56. Kh3 Ra1 57. Kg3 a2 58. Kg2 h5 59. gxh5+ Kxh5 60. Kh2 g6 61. Kg2 Kg5 62. Ra4 f5 63. Kh2 Rf1 0-1

[Event "Regionalliga SO 1617"]
[Site "Bayern"]
[Date "2017.03.19"]
[Round "7.2"]
[White "Kieffer, Joachim"]
[Black "Kaunzinger, Albert"]
[Result "0-1"]
[WhiteElo "2112"]
[BlackElo "2205"]
[PlyCount "62"]
[EventDate "2016.10.16"]
[EventType "team-tourn"]
[EventRounds "9"]
[EventCountry "GER"]
[SourceTitle "EXT 2019"]
[Source "ChessBase"]
[SourceDate "2018.10.10"]
[SourceVersion "1"]
[SourceVersionDate "2018.10.10"]
[SourceQuality "1"]
[WhiteTeam "Bruckmuehl"]
[BlackTeam "Groebenzell II"]
[WhiteTeamCountry "GER"]
[BlackTeamCountry "GER"]

1. d4 d5 2. c4 Nc6 3. Nc3 dxc4 4. d5 Ne5 5. Qd4 Ng6 6. Qxc4 a6 7. e4 e5 8. g3 Bd6 9. Bg2 N8e7 10. Nf3 0-0 11. 0-0 h6 12. Be3 f5 13. exf5 Bxf5 14. Nd2 b5 15. Qe2 Qc8 16. Nde4 Bh3 17. a3 Bxg2 18. Kxg2 Qf5 19. f3 Qf7 20. Rfd1 Nf5 21. Rac1 Nxe3+ 22. Qxe3 Ne7 23. Rc2 Nf5 24. Qd3 Qg6 25. Rf2 Rf7 26. Nb1 Raf8 27. Nbd2 h5 28. Rc1 h4 29. Rc3 hxg3 30. hxg3 Re8 31. Rc1 Nxg3 0-1

[Event "Regionalliga SO 1617"]
[Site "Bayern"]
[Date "2017.01.15"]
[Round "4.1"]
[White "Kaunzinger, Albert"]
[Black "Knoblauch, Leonhard"]
[Result "1-0"]
[WhiteElo "2205"]
[BlackElo "2110"]
[PlyCount "99"]
[EventDate "2016.10.16"]
[EventType "team-tourn"]
[EventRounds "9"]
[EventCountry "GER"]
[SourceTitle "EXT 2019"]
[Source "ChessBase"]
[SourceDate "2018.10.10"]
[SourceVersion "1"]
[SourceVersionDate "2018.10.10"]
[SourceQuality "1"]
[WhiteTeam "Groebenzell II"]
[BlackTeam "Ilmmuenster"]
[WhiteTeamCountry "GER"]
[BlackTeamCountry "GER"]

1. c4 Nf6 2. g3 e5 3. Bg2 d6 4. e3 c6 5. d4 Qc7 6. Nc3 Be7 7. Qc2 0-0 8. Nf3 Re8 9. 0-0 Bf8 10. b3 g6 11. Bb2 Bg7 12. Rfd1 Bg4 13. h3 exd4 14. Rxd4 Bf5 15. e4 Nxe4 16. Nxe4 Rxe4 17. Rxe4 Bxe4 18. Qxe4 Bxb2 19. Qe8+ Kg7 20. Re1 Qd7 21. h4 Bf6 22. Kh2 Qd8 23. Ng5 Bxg5 24. hxg5 Nd7 25. Qe3 Nc5 26. Bh3 Qf8 27. f4 a6 28. b4 Na4 29. a3 c5 30. Bg2 Rb8 31. bxc5 Nxc5 32. Bd5 b5 33. Qd4+ Kg8 34. cxb5 axb5 35. Qf6 Nd7 36. Qe7 Nb6 37. Bb3 Nc4 38. a4 d5 39. a5 Qxe7 40. Rxe7 Kf8 41. Ra7 d4 42. a6 d3 43. Rb7 Ra8 44. a7 Kg7 45. g4 d2 46. f5 gxf5 47. gxf5 b4 48. Bc2 d1Q 49. f6+ Kf8 50. Bxd1 1-0

[Event "Oberliga Bayern 1415"]
[Site "Germany"]
[Date "2015.01.18"]
[Round "5.5"]
[White "Schubert, Dieter"]
[Black "Kaunzinger, Albert"]
[Result "1-0"]
[WhiteElo "2076"]
[BlackElo "2238"]
[PlyCount "93"]
[EventDate "2014.10.19"]
[EventType "team-tourn"]
[EventRounds "9"]
[EventCountry "GER"]
[SourceTitle "EXT 2016"]
[Source "ChessBase"]
[SourceDate "2015.10.08"]
[SourceVersion "1"]
[SourceVersionDate "2015.10.08"]
[SourceQuality "1"]
[WhiteTeam "Puschendorf"]
[BlackTeam "Groebenzell"]
[WhiteTeamCountry "GER"]
[BlackTeamCountry "GER"]

1. d4 d5 2. c4 Nc6 3. Nc3 dxc4 4. Nf3 a6 5. d5 Nb8 6. a4 Nf6 7. e4 e6 8. Bxc4 exd5 9. Nxd5 Nxd5 10. 0-0 Be7 11. exd5 0-0 12. Bf4 Bg4 13. Qb3 Bxf3 14. Qxf3 Bd6 15. Qg4 Bxf4 16. Qxf4 Qd6 17. Qxd6 cxd6 18. Rfe1 Nd7 19. Re7 Rfd8 20. a5 Kf8 21. Re3 Rac8 22. Rc3 Rc7 23. Ra4 Rdc8 24. Rb4 Nc5 25. f3 Nd7 26. Kf2 g6 27. b3 Re8 28. Re3 Rxe3 29. Kxe3 Ke7 30. Ra4 Nc5 31. Ra3 Kf6 32. Kd4 Re7 33. b4 Nd7 34. Re3 Re5 35. f4 Rxe3 36. Kxe3 h6 37. Be2 h5 38. g4 hxg4 39. Bxg4 Ke7 40. Bxd7 Kxd7 41. f5 Ke7 42. Kf4 Kf6 43. h4 Kg7 44. Kg5 Kh7 45. fxg6+ fxg6 46. Kf6 Kh6 47. Ke6 1-0

[Event "Oberliga Bayern 1415"]
[Site "Germany"]
[Date "2014.11.09"]
[Round "2.5"]
[White "Merkert, Maximilian"]
[Black "Kaunzinger, Albert"]
[Result "0-1"]
[WhiteElo "2177"]
[BlackElo "2238"]
[PlyCount "92"]
[EventDate "2014.10.19"]
[EventType "team-tourn"]
[EventRounds "9"]
[EventCountry "GER"]
[SourceTitle "EXT 2016"]
[Source "ChessBase"]
[SourceDate "2015.10.08"]
[SourceVersion "1"]
[SourceVersionDate "2015.10.08"]
[SourceQuality "1"]
[WhiteTeam "Erlangen"]
[BlackTeam "Groebenzell"]
[WhiteTeamCountry "GER"]
[BlackTeamCountry "GER"]

1. c4 Nc6 2. g3 e5 3. Nc3 Nf6 4. Bg2 d6 5. d3 Bd7 6. Rb1 Qc8 7. b4 Be7 8. b5 Nd8 9. e4 0-0 10. Nge2 Bh3 11. 0-0 Bxg2 12. Kxg2 Qg4 13. h3 Qd7 14. f4 exf4 15. Nxf4 c6 16. bxc6 bxc6 17. Rf2 Ne6 18. Nxe6 Qxe6 19. Qf3 Nd7 20. Ne2 Ne5 21. Qe3 Qd7 22. Nd4 Rab8 23. Rfb2 Rxb2+ 24. Rxb2 h6 25. Rb3 a5 26. Nf3 a4 27. Rb6 Bg5 28. Nxg5 hxg5 29. Bb2 g4 30. hxg4 Nxg4 31. Qg5 f6 32. Qg6 d5 33. cxd5 cxd5 34. exd5 Qxd5+ 35. Qe4 Qh5 36. Qe6+ Kh8 37. Rb4 f5 38. Kf3 Nf6+ 39. Kg2 Re8 40. Qxe8+ Qxe8 41. Bxf6 Qe2+ 42. Kh3 gxf6 43. Rxa4 Qf1+ 44. Kh2 Qf2+ 45. Kh3 Qg1 46. g4 Qe3+ 0-1